000 00305 a2200133 4500
000 nam a22 7a 4500
100 _aSHARMA, Ashok
110 _aSHARMA, Ashok
245 _aBharat Mein sthaniya Prashasan
250 _alatest edition
260 _bRBSA
_c2024
264 _bRBSA
_c2024
942 _cBK
999 _c394446
_d394446